000
00341nam a22001457a 4500
008
210519b ||||| |||| 00| 0 eng d
020
_a
0829901876
041
_a
eng
080
_a
004
082
_a
004
100
_a
28
101
_a
SHKI
245
_a
Introduction to Computer Science A Structured Approach
_c
Graham,N
942
_2
udc
_c
BK
999
_c
57458
_d
57458